[Event "HUN-chT2 Asztalos 0708"]
[Site "Hungary"]
[Date "2008.05.18"]
[Round "11"]
[White "Botos, Ferenc"]
[Black "Tancsa, Robert"]
[Result "1-0"]
[WhiteElo "2211"]
[BlackElo "2236"]
[PlyCount "79"]
[EventDate "2007.10.14"]
[EventType "team"]
[EventRounds "11"]
[EventCountry "HUN"]
[SourceTitle "EXT 2009"]
[Source "ChessBase"]
[SourceDate "2008.11.26"]
[SourceVersion "1"]
[SourceVersionDate "2008.11.26"]
[SourceQuality "1"]
[WhiteTeam "Fehervar"]
[BlackTeam "Paks ASE"]
[WhiteTeamCountry "HUN"]
[BlackTeamCountry "HUN"]

1. d4 Nf6 2. Nf3 g6 3. g3 Bg7 4. Bg2 0-0 5. 0-0 d6 6. c3 c5 7. dxc5 dxc5 8. Qxd8 Rxd8 9. Be3 Na6 10. Na3 Nd5 11. Rad1 Bg4 12. Bc1 Nac7 13. h3 Bd7 14. e4 Nf6 15. Rfe1 Bc6 16. Rxd8+ Rxd8 17. Ne5 Bxe4 18. Bxe4 Nxe4 19. Rxe4 Rd1+ 20. Kg2 Rxc1 21. Nd3 Ra1 22. Rxe7 Ne6 23. Rxb7 Rxa2 24. Nc4 Ra6 25. Nde5 f5 26. Rb8+ Bf8 27. Nd7 Kg7 28. Rb7 Kh6 29. f4 Bg7 30. h4 Ra2 31. Kh3 Ra1 32. Nce5 Rh1+ 33. Kg2 Rd1 34. Nf3 Rb1 35. Nde5 Kh5 36. Re7 Rxb2+ 37. Kh3 Rb6 38. Ng5 h6 39. Nxe6 Bf6 40. Ng7+ 1-0

[Event "HUN-chT2 Asztalos 0708"]
[Site "Hungary"]
[Date "2008.04.27"]
[Round "10"]
[White "Szaz, Ferenc"]
[Black "Botos, Ferenc"]
[Result "0-1"]
[WhiteElo "2201"]
[BlackElo "2211"]
[PlyCount "104"]
[EventDate "2007.10.14"]
[EventType "team"]
[EventRounds "11"]
[EventCountry "HUN"]
[SourceTitle "EXT 2009"]
[Source "ChessBase"]
[SourceDate "2008.11.26"]
[SourceVersion "1"]
[SourceVersionDate "2008.11.26"]
[SourceQuality "1"]
[WhiteTeam "Komlo Banyasz"]
[BlackTeam "Fehervar"]
[WhiteTeamCountry "HUN"]
[BlackTeamCountry "HUN"]

1. d4 Nf6 2. c4 e6 3. Nc3 d5 4. Nf3 c6 5. Bg5 Qa5 6. Bxf6 gxf6 7. e3 Nd7 8. a3 dxc4 9. Bxc4 Nb6 10. Ba2 Nd5 11. Qa4 Qxa4 12. Nxa4 b6 13. 0-0 Ba6 14. Rfc1 Kd7 15. Nc3 Bh6 16. Ne4 Bg7 17. Bc4 Bxc4 18. Rxc4 h6 19. Rac1 Rhc8 20. Ng3 b5 21. R4c2 Bf8 22. Nh5 Be7 23. h3 a5 24. Nh2 f5 25. Nf3 f6 26. Nh4 b4 27. a4 b3 28. Rd2 Rab8 29. Ng6 Bd6 30. Rd3 Rg8 31. Ngf4 Bxf4 32. Nxf4 Nxf4 33. exf4 Rb4 34. Rc5 Ra8 35. Rdc3 Ra6 36. R3c4 Rxc4 37. Rxc4 Kd6 38. Rc3 Rb6 39. Rc5 Rb4 40. Rxa5 Rxd4 41. Ra8 Rd1+ 42. Kh2 Rb1 43. Rb8 Rxb2 44. a5 c5 45. a6 c4 46. a7 Ra2 47. a8Q Rxa8 48. Rxa8 b2 49. Rb8 c3 50. g3 Kd5 51. Kg2 Ke4 52. Rb6 Kd3 0-1

[Event "HUN-chT2 Asztalos 0708"]
[Site "Hungary"]
[Date "2008.03.16"]
[Round "8"]
[White "Drinoczi, Peter"]
[Black "Botos, Ferenc"]
[Result "0-1"]
[WhiteElo "2101"]
[BlackElo "2211"]
[PlyCount "114"]
[EventDate "2007.10.14"]
[EventType "team"]
[EventRounds "11"]
[EventCountry "HUN"]
[SourceTitle "EXT 2009"]
[Source "ChessBase"]
[SourceDate "2008.11.26"]
[SourceVersion "1"]
[SourceVersionDate "2008.11.26"]
[SourceQuality "1"]
[WhiteTeam "Pannonpower II"]
[BlackTeam "Fehervar"]
[WhiteTeamCountry "HUN"]
[BlackTeamCountry "HUN"]

1. e4 d5 2. exd5 Qxd5 3. Nc3 Qa5 4. d4 c6 5. Bc4 Nf6 6. Bd2 Qb6 7. Qe2 Qxd4 8. 0-0-0 Qb6 9. Be3 Qc7 10. Nf3 e6 11. Qd2 Be7 12. Bf4 Qa5 13. Bd6 Qd8 14. Qf4 Bxd6 15. Rxd6 Qe7 16. Rhd1 0-0 17. R6d3 Nbd7 18. g4 e5 19. Qg3 e4 20. Re3 Qc5 21. Nd2 Nb6 22. Bb3 Nxg4 23. Ndxe4 Qe5 24. f4 Qe7 25. Ree1 Nh6 26. Nd6 Qf6 27. Nce4 Qg6 28. Qc3 Nd5 29. Bxd5 cxd5 30. Rg1 Ng4 31. Rxd5 f5 32. Ng5 Be6 33. Rdd1 h6 34. Nxe6 Qxe6 35. Kb1 b6 36. h3 Nf6 37. Qc7 Qd7 38. Qc4+ Kh8 39. Qd3 Nh5 40. Qd4 Rf6 41. Qe5 Rd8 42. Nf7+ Rxf7 43. Rxd7 Rdxd7 44. a4 Kh7 45. a5 bxa5 46. c4 g6 47. Rc1 Rfe7 48. Qxa5 Nxf4 49. c5 Nd3 50. Rc2 Re1+ 51. Ka2 Rb7 52. b3 Nb4+ 53. Kb2 Nxc2 54. Kxc2 Ree7 55. b4 f4 56. Qd8 f3 57. Qd3 f2 0-1